Period TV Series Quiz Stats

 Plays Quiz not verified by Sporcle

Also try: Ralph Wiggum-isms
Challenge
Share
Tweet
Embed
Score 0/30 Timer 10:00
0 Plays Today
% Correct
Mad Men
90.7%
Boardwalk Empire
83.3%
That '70s Show
79.6%
Downton Abbey
77.8%
Xena: Warrior Princess
75.9%
Blackadder
74.1%
The Tudors
72.2%
M*A*S*H
72.2%
Deadwood
61.1%
Hatfields&McCoys
59.3%
Rome
57.4%
The Borgias
55.6%
Pan Am
51.9%
Band of Brothers
46.3%
Spartacus: Blood and Sand
38.9%
% Correct
Camelot
37%
Vikings
35.2%
The Pacific
33.3%
The Hour
31.5%
Call the Midwife
31.5%
Salem
29.6%
The Bletchley Circle
29.6%
Pillars of the Earth
27.8%
Reign
25.9%
Ripper Street
25.9%
World Without End
24.1%
The White Queen
22.2%
Da Vinci's Demons
16.7%
Klondike
16.7%
Black Sails
14.8%

You're not logged in!

Compare scores with friends on all Sporcle quizzes.
OR
Log In

You Might Also Like...

Show Comments

Extras

Top Quizzes Today


Score Distribution

Your Account Isn't Verified!

In order to create a playlist on Sporcle, you need to verify the email address you used during registration. Go to your Sporcle Settings to finish the process.

Report this User

Report this user for behavior that violates our Community Guidelines.

Details: